000 01149cam a2200229 a 4500
005 20161126020001.0
008 020207s1969 ck ab r 10010 spa d
040 _ala
_cla
_dCo-BOIAvH
041 0 _aspa
044 _ack
082 0 4 _a574.1
_bF72s
111 2 _aForo de biología tropical Amazónica
_d(1969 :
_cFlorencia)
245 1 0 _aII simposio y foro de biología tropical amazónica /
_cforo en Florencia (Caquetá) 21-25 de ene., 1969 ; Simposio en Leticia (Amazonas) 28-20 ene., 1969.
260 _a[Bogotá] :
_bAsociación Pro biologóa Tropical,
_c1969.
300 _axx, 496 páginas :
_bilustraciones., mapas ;
_c24 centímetros.
650 2 _aRecursos naturales
_z Amazonas (Región)
_v Congresos, conferencias, etc.
650 2 _aEcología agrícola
_z Amazonas (Región)
_v Congresos, conferencias, etc..
650 2 _aEcología animal
_z Amazonas (Región)
_v Congresos, conferencias, etc..
650 2 _aBiología tropical
_z Amazonas (Región)
_v Congresos, conferencias, etc..
711 2 _aSimposio de biología tropical Amazónica
_d(1969 :
_cLeticia)
942 _2ddc
_cLIBRO
_01
999 _c17893
_d17893